000 00363nam a22000977a 4500
008 160328b xxu||||| |||| 00| 0 eng d
100 _aHerrick, Wm.
245 _aCatalogue of the Russian rural stamps
260 _aNew York
_bScott Stamp & Coin Co.,
_c1896
650 _aRussia (-1917) | Locals and Private Posts | Catalogs and Price Lists | Cinderella Material | Zemstvos
999 _c1877
_d1877